Harry Potter Screenshot Match: Deathly Hallows 1 Quiz Stats

 Plays Quiz Updated May 27, 2020

Support Sporcle.
Go Orange.
Score 0/16 Timer 06:00
2 Plays Today
% Correct
Obliviate
96.4%
Dobby has no master
95.8%
I must be the one
to kill Harry Potter
95.4%
I'll restore this temple
to its former glory
91.8%
I was flogging me wares
91.7%
Dobby is happy to be
with Harry Potter.
91.1%
I thought you knew
what you were doing
90.9%
If we hand Potter to Voldemort,
everything would be forgiven.
89.5%
% Correct
'What's your name?'
'Dudley. Vernon Dudley.'
87.5%
Hello, Tom. I knew you'd come one day.
87%
I've interrupted a deep thought
86.5%
We flush ourselves in.
That's bloody disgusting.
85.9%
It's still raining inside my office
85.6%
The Deathly Hallows make one
the master of Death
85.2%
You're lying, Dolores.
And one mustn't tell lies.
84.6%
Who could look at you
compared to Harry Potter?
82.5%

You're not logged in!

Compare scores with friends on all Sporcle quizzes.
OR
Log In

From the Vault

'90s TV Theme Songs

by LaCosaNostra

This quiz just goes to show that the quality of the show can be directly tied to the jauntiness of its theme.
Remove Ads.
Support Sporcle.
Get the best of Sporcle when you Go Orange. This ad-free experience offers more features, more stats, and more fun while also helping to support Sporcle. Thank you for becoming a member.

Show Comments

Extras

Top Quizzes Today


Score Distribution

Your Account Isn't Verified!

In order to create a playlist on Sporcle, you need to verify the email address you used during registration. Go to your Sporcle Settings to finish the process.

Report this User

Report this user for behavior that violates our Community Guidelines.

Details: